| 000 -LEADER |
| fixed length control field |
01081pab a2200181 454500 |
| 008 - FIXED-LENGTH DATA ELEMENTS--GENERAL INFORMATION |
| fixed length control field |
180718b2007 xxu||||| |||| 00| 0 eng d |
| 100 ## - MAIN ENTRY--PERSONAL NAME |
| Personal name |
Jorgensen, Torben Beck |
| 245 ## - TITLE STATEMENT |
| Title |
Public values: an inventory |
| 260 ## - PUBLICATION, DISTRIBUTION, ETC. |
| Date of publication, distribution, etc. |
2007 |
| 300 ## - PHYSICAL DESCRIPTION |
| Extent |
p.354-81. |
| 362 ## - DATES OF PUBLICATION AND/OR SEQUENTIAL DESIGNATION |
| Dates of publication and/or sequential designation |
May |
| 520 ## - SUMMARY, ETC. |
| Summary, etc. |
Exploring boundaries and meanings of public value, the authors seek to identify some of the impediments to progress in the study of public values. The study of public values is often hamstrung by more general problems in the study of values. The authors begin by identifying analytical problems in the study of values and public values. Then they take stock of the public values universe. To identify public value concepts, relevant literature is reviewed and interpreted. Finally, the analytical questions posed in the first section are addressed, focusing specifically on issues related to the hierarchy, casuality, and proximity of public values. - Reproduced. |
| 650 ## - SUBJECT ADDED ENTRY--TOPICAL TERM |
| Topical term or geographic name entry element |
Public values |
| 700 ## - ADDED ENTRY--PERSONAL NAME |
| Personal name |
Bozeman, Barry |
| 773 ## - HOST ITEM ENTRY |
| Main entry heading |
Administration and Society |
| 908 ## - PUT COMMAND PARAMETER (RLIN) |
| Put command parameter |
N |
| 909 ## - |
| -- |
74032 |